Reformujúce sa Rusko v súčasnom svete. 1
Mimoriadny a splnomocnený veľvyslanec Ruskej federácie v SR S. V. Jastržembskij o vnútropolitickej a hospodárskej situácii v Rusku a o perspektívach rusko-slovenských vzťahov v ekonomickej a obchodnej sfére. Úspechy a problémy po radikálnych demokratických a trhových premenách. Rusko-slovenská spolu...
Salvato in:
| Autore principale: | |
|---|---|
| Natura: | Capitolo di libro |
| Lingua: | slovacco |
| Soggetti: | |
| Tags: |
Nessun Tag, puoi essere il primo ad aggiungerne!!
|
MARC
| LEADER | 00000naa a2200000 4500 | ||
|---|---|---|---|
| 001 | r016803 | ||
| 005 | 20221205102030.6 | ||
| 041 | 0 | |a slo | |
| 044 | |a SK | ||
| 245 | 1 | 0 | |a Reformujúce sa Rusko v súčasnom svete. 1 |c S.V. Jastržembskij |
| 520 | |a Mimoriadny a splnomocnený veľvyslanec Ruskej federácie v SR S. V. Jastržembskij o vnútropolitickej a hospodárskej situácii v Rusku a o perspektívach rusko-slovenských vzťahov v ekonomickej a obchodnej sfére. Úspechy a problémy po radikálnych demokratických a trhových premenách. Rusko-slovenská spolupráca. | ||
| 610 | 2 | 0 | |a Rusko |
| 610 | 2 | 0 | |a 1990-1995 |
| 610 | 2 | 0 | |a Slovensko |
| 610 | 2 | 0 | |a reformy hospodárske |
| 610 | 2 | 0 | |a spolupráca hospodárska medzinárodná |
| 610 | 2 | 0 | |a NATO |
| 100 | 1 | |a Jastržembskij, S.V. | |